000 00956nam a2200217Ia 4500
003 Ost
005 20260507075721.0
008 260507s9999||||xx |||||||||||||| ||und||
020 _a9789931333883
040 _cfsecg
041 _aara
082 _a338.5
100 _aطروبيا، ندير
_eمؤلف
245 0 _aدروس وتطبيقات محلولة في الاقتصاد الجزئي /
_c ندير طروبيا
260 _aالجزائر:
_bدار الكتاب العربي,
_c2023
300 _a252 صفحة؛
_bإيضاحات ؛
_c24 سم
504 _aمراجع ص.252
520 _aمدخل إلى الإقتصاد الجزئي، نظرية سلوك المستهلك، الطلب والعرض وتوازن السوق، نظرية الانتاج، نظرية التكاليف، سلوك المنتج في سوق المنافسة التامةو الغير التامة.
653 _aالإقتصاد الجزئي
942 _cكتاب
999 _c45940
_d45940